El respeto o la mirada atenta: una ética para la era de la ciencia y la tecnología

Saved in:
Bibliographic Details
Main Author: Esquirol, Josep M (Author)
Format: Book
Language:Spanish
Published: Barcelona Gedisa 2006
Edition:2a. ed
Series:Cla De Ma. Filosofía
Subjects:
Tags: Add Tag
No Tags, Be the first to tag this record!

MARC

LEADER 00000nam a2200000 a 4500
001 UCJ2420
003 CL-VaPUC
008 061214e20060000SP |||||||||||||||||spa|d
020 |a 8497841301 
082 0 4 |a 323  |b ESQ  |2 21 
100 0 |a Esquirol, Josep M  |e author  |9 503424 
245 1 3 |a El respeto o la mirada atenta: una ética para la era de la ciencia y la tecnología 
250 |a 2a. ed 
300 |a 173 p 
942 |c BK 
945 |d 20061214 00:00:00  |a jtorresc 
260 |a Barcelona  |b Gedisa  |c 2006 
650 0 |a Derechos humanos  |9 223025 
650 0 |a Ética  |9 255099 
650 7 |a RESPETO  |2 CL-VaPUC  |9 503425 
650 0 |a Cultura  |9 269059 
650 0 |a Educación moral  |9 308319 
583 |a last modification  |c 20061214 00:00:00  |k Rodrigo Vera 
490 0 |a Cla De Ma. Filosofía 
999 |c 318721  |d 318719 
952 |0 0  |1 0  |4 0  |6 323_000000000000000_ESQ_2006  |7 0  |8 A  |9 396744  |a BIBEDU  |b BIBEDU  |d 2019-11-22  |i 4304748  |o 323 ESQ 2006  |p 4304748  |r 2019-11-22  |w 2019-11-22  |y BK  |k FIL